Welke landen/gebieden zijn lid van de voetbalbond CONCACAF? - Statistieken

Algemene statistieken
  • Deze quiz is 42 keer genomen
  • De gemiddelde score is 25 van 41
Antwoordstatistieken
Antwoord % Correct
Verenigde Staten
100%
Canada
97%
Mexico
97%
Cuba
91%
Dominica
83%
Panama
83%
Nicaragua
80%
El Salvador
77%
Honduras
77%
Belize
74%
Bonaire
74%
Costa Rica
74%
Dominicaanse Republiek
74%
Jamaica
74%
Antigua en Barbuda
71%
Aruba
71%
Guatemala
71%
Haïti
71%
Saint Lucia
71%
Barbados
69%
Curaçao
69%
Saint Kitts en Nevis
69%
Saint Vincent en de Grenadines
69%
Trinidad en Tobago
69%
Bahama's
66%
Grenada
63%
Saint Martin
63%
Sint Maarten
63%
Suriname
60%
Guyana
49%
Puerto Rico
43%
Amerikaanse Maagdeneilanden
34%
Britse Maagdeneilanden
34%
Guadeloupe
34%
Martinique
31%
Montserrat
31%
Frans Guyana
29%
Anguilla
23%
Bermuda
23%
Turks- en Caicoseilanden
23%
Kaaimaneilanden
20%
Geen overeenkomende quizzen gevonden
Scoreverdeling
Procent van Mensen met Elke Score
Percentiel versus Aantal Correcte Antwoorden
Uw Scoregeschiedenis
U heeft deze quiz nog niet genomen